000 00411nam a22001337a 4500
020 _qPB.
040 _cFIZZA ISHAQ
082 _a150.19
_bROG
100 _aRogers , Carl R.
_9133836
245 _aPerson to Person: The Problem of Being Human, A New Trend in Psychology /
_cCarl R. Rogers.
260 _aNew York:
_bReal People Press,
_c1967.
300 _a276 P. ;
_c7.87 x 5.51 x 1.57 inches
942 _2ddc
_cBK
999 _c616812
_d616812